| 000 | 00774nam a22001937a 4500 | ||
|---|---|---|---|
| 999 |
_c12111 _d12111 |
||
| 003 | AR-CdUCM | ||
| 008 | 190405b ||||| |||| 00| 0 eng d | ||
| 040 |
_aMUNICIPALIDAD PROVINCIAL DEL CUSCO _cBIBLIOTECA MUNICIPAL DEL CUSCO |
||
| 082 |
_aES / 608 / _bH99 |
||
| 100 |
_aHyde, Margaret O. _920856 |
||
| 245 |
_aLa aviación : _bDe hoy y mañana / |
||
| 260 |
_aBarcelona : _bEditorial Ramón Sopena, S.A., _c1958. |
||
| 300 |
_a184 paginas _c21 cm. |
||
| 505 | _aContenido :v.3. Las partes del aeroplano -- En vuelo -- Aviones de propulsión -- El primer vuelo al espacio -- Más allá de la estación interplanetaria ... | ||
| 650 |
_aAeroplanos _929794 |
||
| 700 |
_aVelasco Armillas, Francisco J. (traductor) _929795 |
||
| 942 |
_2ddc _cLIBROS |
||
| 945 |
_arum _d2019-04-05 |
||